[L'Anabase] = Κύρου Ανάβασις /
Testimonio en que el militar e historiador ateniense Jenofonte (430-355 a.C.) recuenta la retirada de varios millares de griegos a su cargo, luego que estos fueran derrotados en la lucha para que Ciro El Joven arrebatara el trono persa a su hermano Artajerjes II en el siglo V a.C.
Збережено в:
| Автор: | |
|---|---|
| Формат: | Книга |
| Мова: | Французька |
| Предмети: | |
| Теги: |
Немає тегів, Будьте першим, хто поставить тег для цього запису!
|
MARC
| LEADER | 00000nam^a2200000^a^4500 | ||
|---|---|---|---|
| 001 | 000386588 | ||
| 005 | 20250526000000.0 | ||
| 009 | 20260310121003.798 | ||
| 037 | |a Acervo Xavier Clavigero | ||
| 041 | |a FRA | ||
| 082 | |a 949. 50126 |b JEN | ||
| 100 | |a Jenofonte |e (autor) | ||
| 240 | 1 | 1 | |a [Anábasis] |
| 245 | 1 | 2 | |a [L'Anabase] = |b Κύρου Ανάβασις / |c Jenofonte ; noticia de Eugène Talbot. |
| 264 | |a París, Francia : |b Imprimerie et Librairie Classiques de Jules Delalain et Fils, |c 1880 | ||
| 300 | |a XX, 271 p. ; |c 14.0 cm. | ||
| 336 | |a texto |b txt |2 rdacontenido | ||
| 337 | |a sin mediación |b n |2 rdamedio | ||
| 338 | |a volumen |b nc |2 rdasoporte | ||
| 501 | |a Encuadernación particular | ||
| 520 | |a Testimonio en que el militar e historiador ateniense Jenofonte (430-355 a.C.) recuenta la retirada de varios millares de griegos a su cargo, luego que estos fueran derrotados en la lucha para que Ciro El Joven arrebatara el trono persa a su hermano Artajerjes II en el siglo V a.C. | ||
| 545 | 0 | |a Jenofonte (Atenas c. 430 - c. 355 a.C.), escritor e historiador griego, discípulo de Sócrates. Participó en distintas campañas militares antes de dedicarse a la agricultura, la caza y la actividad literaria. Autor de una obra extensa, que incluye la Anábasis (7 libros), sobre su participación en una expedición con Ciro el Joven; las Helénicas, historia de Grecia en siete volúmenes; la Ciropedia (8 libros), en torno a la educación y reinado de Ciro el Grande; el Agesilao; La constitución espartana; el Económico; el Cinegético; el Hipárquico, entre otros títulos. Se le atribuye también la Constitución de los atenienses. | |
| 546 | |a Edición bilingüe francés-griego | ||
| 561 | |a Ex libris de Bibl. Junioratus San Cayetano | ||
| 561 | |a Ex libris de Bibl. Iunioratus Coll. Max. Ysletensis, S.J. | ||
| 562 | |a Falta cubierta | ||
| 649 | |a XX | ||
| 650 | |a Militares Griegos - |x Memorias | ||
| 650 | |a Políticos Griegos - |x Memorias | ||
| 650 | |a Memorias Griegas | ||
| 650 | |a Literatura Clásica - |y Siglo IV a.C. | ||
| 650 | |a Literatura Griega - |y Siglo IV a.C. | ||
| 650 | |a Guerra y Paz - |z Grecia - |x Historia - |x Tema Principal | ||
| 650 | |a Guerra y Paz - |z Irán - |x Historia | ||
| 650 | |a Política - |z Grecia - |x Historia - |y Período Clásico, 479-323 a.C | ||
| 650 | |a Política - |z Irán - |x Historia - |y Imperio Persa Aqueménida, 550-330 a.C | ||
| 650 | |a Historia Antigua | ||
| 650 | |a Grecia - |x Historia Militar | ||
| 650 | |a Grecia - |x Historia - |y Supremacía Espartana y Tebana, 404-362 a.C. - |x Tema Principal | ||
| 650 | |a Grecia - |x Historia - |y Período Clásico, 479-323 a.C. | ||
| 650 | |a Irán - |x Historia - |y Imperio Persa Aqueménida, 550-330 a.C. - |x Tema Principal | ||
| 650 | |a Ciro, El Joven | ||
| 650 | |a Jenofonte | ||
| 910 | |a Fondo General | ||
| 920 | |a Impresos - Libros | ||
| 930 | |a Libros Antiguos y Raros | ||
| 905 | |a 108 | ||
| 901 | |a 0500280953 |b IT2 |c LRA |u 20250526 | ||
| 902 | |a https://opac.biblio.iteso.mx/vufind/Record/000386588 | ||